This Special Edition of Plates of the Cerebro-Spinal Nerves (Record no. 1743)

000 -LEADER
fixed length control field 00667nam a22001937a 4500
003 - CONTROL NUMBER IDENTIFIER
control field OSt
005 - DATE AND TIME OF LATEST TRANSACTION
control field 20210226061828.0
008 - FIXED-LENGTH DATA ELEMENTS--GENERAL INFORMATION
fixed length control field 210226s1991 ||||| |||| 00| 0 eng d
040 ## - CATALOGING SOURCE
Original cataloging agency eng
Language of cataloging eng
Transcribing agency DLC
041 ## - LANGUAGE CODE
Language code of text/sound track or separate title eng
080 ## - UNIVERSAL DECIMAL CLASSIFICATION NUMBER
Universal Decimal Classification number 616.8
Item number G-57
100 ## - MAIN ENTRY--PERSONAL NAME
9 (RLIN) 1136
Personal name Goddard, B. Paul
245 ## - TITLE STATEMENT
Title This Special Edition of Plates of the Cerebro-Spinal Nerves
Statement of responsibility, etc. : With References, for the Use of Medical Students
Remainder of title / by: The Classics of Neurology and Neurosurgery Library
260 ## - PUBLICATION, DISTRIBUTION, ETC.
Place of publication, distribution, etc. New York
Name of publisher, distributor, etc. The Classics of Neurology and Neurosurgery Library
Date of publication, distribution, etc. 1991
300 ## - PHYSICAL DESCRIPTION
Extent 61 p.
Other physical details ill.
650 #0 - SUBJECT ADDED ENTRY--TOPICAL TERM
9 (RLIN) 100
Topical term or geographic name entry element Neurology
653 ## - INDEX TERM--UNCONTROLLED
Uncontrolled term ნევროლოგია
942 ## - ADDED ENTRY ELEMENTS (KOHA)
Source of classification or shelving scheme
Koha item type Books
Holdings
Withdrawn status Lost status Source of classification or shelving scheme Damaged status Not for loan Permanent location Current location Date acquired Inventory number Total Checkouts Full call number Barcode Date last seen Price effective from Koha item type
          Ken Walker International University Ken Walker International University 02/26/2021 1476   616.8 G-57 1476 02/26/2021 02/26/2021 Books

Powered by Koha